000 00810nam a2200205 a 4500
003 0
005 20250424100221.0
008 050808s19uu xx 00 eng d
050 _aPHS RA 1242.T6
_b.G89 2005
100 _aGuzman, Angela Marie Nicole S.
245 _aAwareness of teenagers on the effects of secondhand smoke /
_cAngela Marie Nicole S. Guzman.
260 _aLas PiƱas City, Philippines :
_bSouthville International School and Colleges,
_c2005.
300 _a24 pages :
_billustrations ;
_c28 cm.
504 _aIncludes bibliographical references.
650 _2Library of Congress Subject Headings
_aPassive smoking
_xHealth aspects
_zPhilippines.
650 _aTobacco smoke
_xPhysiological effect.
650 _aSmoking
_xHealth aspects
_zPhilippines.
942 _2lcc
_cPASS
999 _c97234
_d97234